Essential code (Record no. 117858)
[ view plain ]
| 000 -LEADER | |
|---|---|
| fixed length control field | 01134cam a2200217 4500 |
| 001 - CONTROL NUMBER | |
| control field | WB@3612-683 |
| 008 - FIXED-LENGTH DATA ELEMENTS--GENERAL INFORMATION | |
| fixed length control field | 040818n2004 000 0 eng u |
| 035 ## - SYSTEM CONTROL NUMBER | |
| System control number | (Sirsi) u127096 |
| 245 ## - TITLE STATEMENT | |
| Title | Essential code |
| 260 ## - PUBLICATION, DISTRIBUTION, ETC. | |
| Date of publication, distribution, etc. | 2004 |
| 490 ## - SERIES STATEMENT | |
| Series statement | RICS News Service |
| Volume/sequential designation | 12 August 2004 (1) |
| 520 ## - SUMMARY, ETC. | |
| Summary, etc. | The RICS "Rent only residential management code of practice" has been updated to promote best practice in the management of residential property. This new edition has been published to take into account changes in legislation. It applies only to properties in England and covers all lengths of leases and all types of contractual tenancies. It is intended for managers of residential property but can be read by tenants, occupiers and landlords as well. http://www.rics.org/ricscms/bin/show?class=News&te mplate=/includes/shownews.html&id=9676&faculty=RIC S |
| 590 ## - LOCAL NOTE (RLIN) | |
| Local note | WB |
| 590 ## - LOCAL NOTE (RLIN) | |
| Local note | WB |
| 650 ## - SUBJECT ADDED ENTRY--TOPICAL TERM | |
| Topical term or geographic name entry element | RENT ONLY RESIDENTIAL MANAGEMENT CODE |
| 650 ## - SUBJECT ADDED ENTRY--TOPICAL TERM | |
| Topical term or geographic name entry element | RESIDENTIAL MANAGEMENT CODE |
| 650 ## - SUBJECT ADDED ENTRY--TOPICAL TERM | |
| Topical term or geographic name entry element | RESIDENTIAL MANAGEMENT COMPANIES |
| 650 ## - SUBJECT ADDED ENTRY--TOPICAL TERM | |
| Topical term or geographic name entry element | RESIDENTIAL PROPERTY |
| 9 (RLIN) | 6266 |
| 690 ## - LOCAL SUBJECT ADDED ENTRY--TOPICAL TERM (OCLC, RLIN) | |
| Topical term or geographic name as entry element | PROPERTY LAW AND PRACTICE |
| 942 ## - ADDED ENTRY ELEMENTS (KOHA) | |
| Suppress in OPAC | 0 |
| Withdrawn status | Lost status | Source of classification or shelving scheme | Damaged status | Not for loan | Home library | Current library | Shelving location | Date acquired | Total Checkouts | Full call number | Barcode | Date last seen | Copy number | Price effective from | Koha item type |
|---|---|---|---|---|---|---|---|---|---|---|---|---|---|---|---|
| Dewey Decimal Classification | London | London | News article | 18/08/2004 | WB4032-12 | 127096-1001 | 06/08/2019 | 1 | 06/08/2019 | News article |